[Event "MDA-ch (Women)"]
[Site "Kishinev"]
[Date "2024.02.09"]
[Round "7"]
[White "Barbier, Emilia"]
[Black "Turcanu, Otilia"]
[Result "1-0"]
[WhiteElo "1182"]
[BlackElo "1322"]
[PlyCount "45"]
[EventDate "2024.02.03"]
[EventType "swiss"]
[EventRounds "7"]
[EventCountry "MDA"]
[SourceTitle "CB07_2024"]
[SourceDate "2024.02.14"]
[SourceVersion "1"]
[SourceVersionDate "2024.02.14"]
[SourceQuality "1"]

1. e4 c5 2. c3 d5 3. exd5 Qxd5 4. Nf3 Nc6 5. d4 cxd4 6. cxd4 Bg4 7. Nc3 Qd8 8. Bb5 a6 9. Bxc6+ bxc6 10. 0-0 Nf6 11. Be3 Nd5 12. h3 Bh5 13. Qa4 Qd6 14. Ne5 Nxc3 15. bxc3 Be2 16. Rfe1 Bb5 17. Qb3 f6 18. Nf7 Ba4 19. Nxd6+ exd6 20. Bf4+ Kd8 21. Qxa4 Kd7 22. d5 Rc8 23. Qxa6 1-0

[Event "MDA-ch (Women)"]
[Site "Kishinev"]
[Date "2024.02.05"]
[Round "3"]
[White "Turcanu, Otilia"]
[Black "Cazacu, Raluca Cristiana"]
[Result "0-1"]
[WhiteElo "1322"]
[BlackElo "1486"]
[PlyCount "117"]
[EventDate "2024.02.03"]
[EventType "swiss"]
[EventRounds "7"]
[EventCountry "MDA"]
[SourceTitle "CB07_2024"]
[SourceDate "2024.02.14"]
[SourceVersion "1"]
[SourceVersionDate "2024.02.14"]
[SourceQuality "1"]

1. e4 e6 2. d4 d5 3. Nd2 c5 4. c3 Nf6 5. e5 Nfd7 6. Bd3 Nc6 7. Ndf3 Qb6 8. Ne2 Be7 9. 0-0 0-0 10. Bc2 cxd4 11. cxd4 Qd8 12. Nf4 Re8 13. Nh3 h6 14. Nf4 Bf8 15. Qd3 f5 16. a3 Qe7 17. Ng6 Qf7 18. Nfh4 Be7 19. Nxe7+ Nxe7 20. Re1 Ng6 21. Nxg6 Qxg6 22. Re3 Kh7 23. Rg3 Qh5 24. Rh3 Qg4 25. Be3 Qg6 26. Bd1 Qf7 27. Bh5 g6 28. Be2 h5 29. g4 fxg4 30. Rxh5+ Kg8 31. Rg5 Nf8 32. Bxg4 Kh8 33. Be2 Bd7 34. Rg3 Qf5 35. Qd2 Rec8 36. Bd3 Qh5 37. Bg5 Kg7 38. Be2 Qh7 39. Bf6+ Kg8 40. Qg5 Be8 41. Bg4 Qd7 42. Rh3 Nh7 43. Qh6 Rc6 44. Kh1 Rac8 45. Rg1 Qc7 46. Bxe6+ Rxe6 47. Rxg6+ Bxg6 48. Qxg6+ Kf8 49. Bg7+ Qxg7 50. Rf3+ Nf6 51. Rxf6+ Rxf6 52. Qxf6+ Qxf6 53. exf6 Rc2 54. Kg2 Rxb2 55. h4 Ra2 56. h5 Kf7 57. Kg3 Rxa3+ 58. Kg4 Kxf6 59. f4 0-1